000
00339nam a2200145Ia 4500
008
150201s2012 xx 000 0 und d
082
_a
610
_b
P12M
100
_a
MEHTA , P.J.
245
_a
PRACTICAL MEDICINE
250
_a
19TH
260
_b
THE NATINOAL BOOK
_a
DELHI
_c
2012
300
_a
1-556
650
_a
MEDICINE
942
_2
ddc
_c
BK
_0
49
999
_c
1459
_d
1459